000 00303nam a22001337a 4500
020 _a978-1-8442-2360-2
082 _a823
_bMUR/P
100 _aMURRAY, W
245 _aPLAY WITH US
_bKEY WORDS WITH LADY BIRD
260 _aUK
_bLADY BIRD
300 _a50
650 _aENGLISH SHORT STORY
_zUK
942 _cBK
999 _c2601
_d2601